[Event "Women's Baku Chess Olympiad"]
[Site "chess24.com"]
[Date "2016.09.12"]
[Round "10"]
[White "Zhang, Jasmine Haomo"]
[Black "Myronenko, Natalya"]
[Result "1-0"]
[Board "2"]
[WhiteID "4304632"]
[WhiteElo "1721"]
[WhiteTitle "WCM"]
[WhiteCountry "NZL"]
[WhiteFideId "4304632"]
[WhiteEloChange "15"]
[BlackID "14124530"]
[BlackElo "1922"]
[BlackCountry "UKR"]
[BlackFideId "14124530"]
[BlackEloChange "-15"]

1. d4 {[%clk 1:30:56]} d5 {[%clk 1:30:52]} 2. Nf3 {[%clk 1:31:20]} Nf6 {[%clk
1:31:13]} 3. Bf4 {[%clk 1:31:34]} c5 {[%clk 1:31:01]} 4. e3 {[%clk 1:31:38]} Qb6
{[%clk 1:30:26]} 5. Qc1 {[%clk 1:27:13]} Nc6 {[%clk 1:30:32]} 6. c3 {[%clk
1:26:56]} Bf5 {[%clk 1:29:41]} 7. h3 {[%clk 1:26:24]} h6 {[%clk 1:29:54]} 8. Nbd2
{[%clk 1:25:03]} e6 {[%clk 1:29:48]} 9. dxc5 {[%clk 1:18:59]} Bxc5 {[%clk
1:29:16]} 10. Nb3 {[%clk 1:18:50]} Be7 {[%clk 1:29:38]} 11. Nbd4 {[%clk 1:18:25]}
Bh7 {[%clk 1:30:02]} 12. Be2 {[%clk 1:10:27]} O-O {[%clk 1:27:38]} 13. O-O {[%clk
1:09:50]} Rac8 {[%clk 1:25:53]} 14. Ne5 {[%clk 1:05:12]} Nxe5 {[%clk 1:23:51]}
15. Bxe5 {[%clk 1:05:31]} Nd7 {[%clk 1:22:28]} 16. Bh2 {[%clk 1:05:01]} Nc5
{[%clk 1:17:21]} 17. Rd1 {[%clk 1:02:19]} Ne4 {[%clk 1:11:23]} 18. f3 {[%clk
0:59:10]} Nc5 {[%clk 1:10:28]} 19. Qd2 {[%clk 0:53:48]} Na4 {[%clk 1:05:31]} 20.
Nb3 {[%clk 0:45:01]} Bf6 {[%clk 1:03:20]} 21. Rac1 {[%clk 0:43:21]} Bg5 {[%clk
0:58:48]} 22. f4 {[%clk 0:41:36]} Bf6 {[%clk 0:59:15]} 23. Kf1 {[%clk 0:40:21]}
Be4 {[%clk 0:50:33]} 24. Bg1 {[%clk 0:38:36]} Rfd8 {[%clk 0:48:10]} 25. Bg4
{[%clk 0:35:14]} Qc6 {[%clk 0:43:37]} 26. Qe2 {[%clk 0:28:17]} Qb6 {[%clk
0:40:44]} 27. Rd2 {[%clk 0:23:13]} Rc7 {[%clk 0:35:40]} 28. Nd4 {[%clk 0:21:15]}
a6 {[%clk 0:35:32]} 29. Bf3 {[%clk 0:18:41]} Nc5 {[%clk 0:30:02]} 30. Bf2 {[%clk
0:17:33]} Rdc8 {[%clk 0:28:41]} 31. Bxe4 {[%clk 0:16:43]} Nxe4 {[%clk 0:28:59]}
32. Rdc2 {[%clk 0:16:26]} Rc4 {[%clk 0:24:29]} 33. Be1 {[%clk 0:15:08]} Qa5
{[%clk 0:20:01]} 34. b3 {[%clk 0:10:28]} R4c7 {[%clk 0:18:35]} 35. c4 {[%clk
0:08:50]} Qb6 {[%clk 0:18:38]} 36. Qd3 {[%clk 0:06:42]} Qd6 {[%clk 0:15:56]} 37.
cxd5 {[%clk 0:05:20]} Rxc2 {[%clk 0:15:08]} 38. Rxc2 {[%clk 0:05:32]} Rxc2 {[%clk
0:15:33]} 39. Nxc2 {[%clk 0:05:52]} Qxd5 {[%clk 0:15:05]} 40. Qxd5 {[%clk
0:35:08]} exd5 {[%clk 0:45:27]} 41. Ke2 {[%clk 0:34:01]} Kf8 {[%clk 0:43:45]} 42.
Kf3 {[%clk 0:30:10]} h5 {[%clk 0:40:09]} 43. Nb4 {[%clk 0:28:46]} Bc3 {[%clk
0:33:15]} 44. Nxd5 {[%clk 0:28:18]} Ng5+ {[%clk 0:33:30]} 45. Ke2 {[%clk
0:27:18]} Bxe1 {[%clk 0:33:19]} 46. Kxe1 {[%clk 0:27:41]} Ne4 {[%clk 0:32:14]}
47. g4 {[%clk 0:26:33]} hxg4 {[%clk 0:32:17]} 48. hxg4 {[%clk 0:26:57]} Ke8
{[%clk 0:31:54]} 49. g5 {[%clk 0:25:35]} Kd7 {[%clk 0:31:15]} 50. Nb4 {[%clk
0:24:33]} a5 {[%clk 0:25:36]} 51. Nc2 {[%clk 0:23:44]} Nc3 {[%clk 0:24:57]} 52.
a4 {[%clk 0:23:37]} b5 {[%clk 0:23:22]} 53. axb5 {[%clk 0:23:19]} Nxb5 {[%clk
0:23:50]} 54. Kd2 {[%clk 0:23:15]} Nd6 {[%clk 0:22:56]} 55. Kd3 {[%clk 0:20:06]}
Kc6 {[%clk 0:17:53]} 56. e4 {[%clk 0:19:54]} Kc5 {[%clk 0:16:26]} 57. Nd4 {[%clk
0:19:52]} Kb4 {[%clk 0:16:04]} 58. e5 {[%clk 0:19:45]} Ne8 {[%clk 0:15:50]} 59.
f5 {[%clk 0:19:19]} a4 {[%clk 0:15:28]} 60. bxa4 {[%clk 0:19:39]} Kxa4 {[%clk
0:15:57]} 61. Kc4 {[%clk 0:17:58]} f6 {[%clk 0:12:57]} 62. gxf6 {[%clk 0:17:36]}
gxf6 {[%clk 0:13:23]} 63. e6 {[%clk 0:17:59]} Ka3 {[%clk 0:12:39]} 64. Nb5+
{[%clk 0:14:18]} Kb2 {[%clk 0:13:07]} 65. e7 {[%clk 0:14:38]} Kc2 {[%clk
0:12:57]} 66. Kd5 {[%clk 0:14:00]} Kd3 {[%clk 0:10:55]} 67. Nd6 {[%clk 0:13:52]}
Ng7 {[%clk 0:09:06]} 68. e8Q {[%clk 0:13:58]} Nxe8 {[%clk 0:09:29]} 69. Nxe8
{[%clk 0:14:23]} Ke3 {[%clk 0:09:53]} 70. Nxf6 {[%clk 0:14:36]} Kf4 {[%clk
0:10:21]} 71. Ke6 {[%clk 0:14:54]} Kg5 {[%clk 0:10:34]} 72. Ne4+ {[%clk 0:15:04]}
Kh6 {[%clk 0:10:15]} 73. f6 {[%clk 0:15:18]} Kh7 {[%clk 0:09:17]} 74. Ke7 {[%clk
0:15:31]} 1-0

[Event "Women's Baku Chess Olympiad"]
[Site "chess24.com"]
[Date "2016.09.12"]
[Round "10"]
[White "Quevedo, Andreina"]
[Black "A-ALI,Sali Abbas Abdulzahra"]
[Result "1-0"]
[Board "3"]
[WhiteID "3004147"]
[WhiteElo "1699"]
[WhiteCountry "URU"]
[WhiteFideId "3004147"]
[WhiteEloChange "11"]
[BlackID "4804929"]
[BlackElo "1728"]
[BlackTitle "WFM"]
[BlackCountry "IRQ"]
[BlackFideId "4804929"]
[BlackEloChange "-11"]

1. e4 {[%clk 1:30:36]} e6 {[%clk 1:30:54]} 2. d4 {[%clk 1:31:03]} d5 {[%clk
1:31:20]} 3. Nd2 {[%clk 1:31:27]} dxe4 {[%clk 1:31:43]} 4. Nxe4 {[%clk 1:31:53]}
Nd7 {[%clk 1:32:08]} 5. Nf3 {[%clk 1:31:53]} Ngf6 {[%clk 1:32:27]} 6. Nxf6+
{[%clk 1:31:59]} Nxf6 {[%clk 1:32:51]} 7. c3 {[%clk 1:31:54]} Bd6 {[%clk
1:32:49]} 8. Bd3 {[%clk 1:25:51]} h6 {[%clk 1:32:25]} 9. h3 {[%clk 1:18:31]} O-O
{[%clk 1:32:32]} 10. g4 {[%clk 1:15:42]} Nd5 {[%clk 1:30:37]} 11. g5 {[%clk
1:11:05]} hxg5 {[%clk 1:28:09]} 12. Nxg5 {[%clk 0:54:42]} g6 {[%clk 1:26:50]} 13.
Qg4 {[%clk 0:43:09]} Nf6 {[%clk 1:22:00]} 14. Qg2 {[%clk 0:40:50]} e5 {[%clk
1:18:55]} 15. h4 {[%clk 0:34:46]} Bg4 {[%clk 1:17:49]} 16. Ne4 {[%clk 0:26:47]}
Bh5 {[%clk 1:15:47]} 17. Bg5 {[%clk 0:22:36]} Be7 {[%clk 1:15:34]} 18. Bxf6
{[%clk 0:20:12]} Bxf6 {[%clk 1:15:54]} 19. Ng3 {[%clk 0:20:20]} Bg7 {[%clk
1:14:24]} 20. Nxh5 {[%clk 0:19:53]} gxh5 {[%clk 1:14:47]} 21. Qe4 {[%clk
0:18:31]} f5 {[%clk 1:14:51]} 22. Bc4+ {[%clk 0:17:54]} Kh7 {[%clk 1:13:35]} 23.
Qg2 {[%clk 0:15:51]} exd4 {[%clk 1:13:20]} 24. O-O-O {[%clk 0:15:41]} Qe7 {[%clk
1:11:31]} 25. Rhg1 {[%clk 0:11:51]} Rf6 {[%clk 1:05:56]} 26. Rde1 {[%clk
0:05:51]} Qd7 {[%clk 1:00:50]} 27. Kb1 {[%clk 0:03:39]} Bh6 {[%clk 0:57:21]} 28.
Qf3 {[%clk 0:02:27]} dxc3 {[%clk 0:56:18]} 29. Qxc3 {[%clk 0:02:10]} Rb6 {[%clk
0:53:27]} 30. Qf3 {[%clk 0:01:08]} Re8 {[%clk 0:41:43]} 31. Rxe8 {[%clk 0:00:45]}
Qxe8 {[%clk 0:42:07]} 32. Qxf5+ {[%clk 0:01:01]} Kh8 {[%clk 0:42:15]} 33. Rg8+
{[%clk 0:00:50]} Qxg8 {[%clk 0:42:33]} 34. Bxg8 {[%clk 0:01:19]} Kxg8 {[%clk
0:42:53]} 35. Qxh5 {[%clk 0:01:35]} Rc6 {[%clk 0:42:33]} 36. b3 {[%clk 0:00:54]}
Rc1+ {[%clk 0:42:32]} 37. Kb2 {[%clk 0:01:18]} Rc6 {[%clk 0:42:51]} 38. Qe8+
{[%clk 0:01:30]} Kh7 {[%clk 0:42:48]} 39. Qc8 {[%clk 0:00:51]} Bc1+ {[%clk
0:42:41]} 40. Kb1 {[%clk 0:31:07]} Ba3 {[%clk 1:12:47]} 41. Qf5+ {[%clk 0:18:45]}
Kh6 {[%clk 1:11:25]} 42. Qg5+ {[%clk 0:18:39]} Kh7 {[%clk 1:11:40]} 43. b4 {[%clk
0:06:18]} Rc1+ {[%clk 1:10:58]} 44. Qxc1 {[%clk 0:06:44]} Bxc1 {[%clk 1:11:25]}
45. Kxc1 {[%clk 0:07:08]} Kh6 {[%clk 1:11:53]} 46. Kd2 {[%clk 0:07:30]} Kh5
{[%clk 1:12:09]} 47. Ke3 {[%clk 0:07:11]} Kxh4 {[%clk 1:12:26]} 48. Ke4 {[%clk
0:04:34]} Kg5 {[%clk 1:12:29]} 49. Ke5 {[%clk 0:04:32]} b6 {[%clk 1:11:30]} 50.
b5 {[%clk 0:04:22]} Kg6 {[%clk 1:11:21]} 51. Ke6 {[%clk 0:04:32]} Kg5 {[%clk
1:11:35]} 52. Kd7 {[%clk 0:04:51]} a6 {[%clk 1:10:20]} 53. bxa6 {[%clk 0:05:03]}
c5 {[%clk 1:10:45]} 54. a7 {[%clk 0:05:28]} c4 {[%clk 1:10:34]} 55. a8Q {[%clk
0:05:50]} 1-0

[Event "Women's Baku Chess Olympiad"]
[Site "chess24.com"]
[Date "2016.09.12"]
[Round "10"]
[White "berezovsky, Fiorina"]
[Black "Wong, Linda Jane"]
[Result "0-1"]
[Board "4"]
[WhiteID "5400651"]
[WhiteElo "1096"]
[WhiteCountry "MNC"]
[WhiteFideId "5400651"]
[WhiteEloChange "-4"]
[BlackID "16301005"]
[BlackElo "1351"]
[BlackCountry "TPE"]
[BlackFideId "16301005"]
[BlackEloChange "4"]

1. Nf3 {[%clk 1:30:53]} c5 {[%clk 1:30:40]} 2. g3 {[%clk 1:30:55]} Nc6 {[%clk
1:30:55]} 3. d4 {[%clk 1:30:29]} cxd4 {[%clk 1:30:12]} 4. Nxd4 {[%clk 1:30:32]}
Nf6 {[%clk 1:29:29]} 5. Nxc6 {[%clk 1:27:27]} bxc6 {[%clk 1:28:18]} 6. Bg2 {[%clk
1:25:09]} e6 {[%clk 1:23:29]} 7. O-O {[%clk 1:17:58]} Be7 {[%clk 1:23:12]} 8. e4
{[%clk 1:12:22]} Qa5 {[%clk 1:20:36]} 9. c4 {[%clk 1:02:53]} O-O {[%clk 1:20:19]}
10. Nc3 {[%clk 1:02:09]} Ba6 {[%clk 1:20:11]} 11. Qa4 {[%clk 0:49:47]} Qxa4
{[%clk 1:18:23]} 12. Nxa4 {[%clk 0:49:54]} Bxc4 {[%clk 1:18:29]} 13. Re1 {[%clk
0:48:54]} Bb5 {[%clk 1:17:33]} 14. Nc3 {[%clk 0:48:26]} Ba6 {[%clk 1:17:18]} 15.
Bf4 {[%clk 0:47:49]} Bb4 {[%clk 1:16:07]} 16. Rac1 {[%clk 0:45:34]} Ba5 {[%clk
1:11:11]} 17. e5 {[%clk 0:43:31]} Nd5 {[%clk 1:09:09]} 18. Bd2 {[%clk 0:42:31]}
Rab8 {[%clk 0:57:03]} 19. b3 {[%clk 0:41:01]} Ne7 {[%clk 0:46:11]} 20. Ne4 {[%clk
0:37:10]} Bxd2 {[%clk 0:42:44]} 21. Nxd2 {[%clk 0:37:21]} Nf5 {[%clk 0:41:01]}
22. Ne4 {[%clk 0:34:28]} Rfd8 {[%clk 0:31:48]} 23. Rcd1 {[%clk 0:31:40]} Ne7
{[%clk 0:29:43]} 24. Rd2 {[%clk 0:26:39]} Nd5 {[%clk 0:29:45]} 25. Rc1 {[%clk
0:19:01]} f5 {[%clk 0:25:20]} 26. Nd6 {[%clk 0:15:50]} g5 {[%clk 0:21:47]} 27.
Bf1 {[%clk 0:13:02]} Bxf1 {[%clk 0:21:13]} 28. Kxf1 {[%clk 0:12:43]} Rb4 {[%clk
0:21:04]} 29. Rc4 {[%clk 0:11:39]} Rdb8 {[%clk 0:20:16]} 30. Rdd4 {[%clk
0:09:52]} Rxc4 {[%clk 0:18:13]} 31. Rxc4 {[%clk 0:10:02]} Rb4 {[%clk 0:15:24]}
32. Ke2 {[%clk 0:08:04]} Rxc4 {[%clk 0:15:22]} 33. Nxc4 {[%clk 0:08:19]} Nc3+
{[%clk 0:15:41]} 34. Kd3 {[%clk 0:08:17]} Nxa2 {[%clk 0:15:17]} 35. Kd4 {[%clk
0:08:24]} Kf8 {[%clk 0:12:50]} 36. Kc5 {[%clk 0:08:34]} Ke7 {[%clk 0:12:43]} 37.
b4 {[%clk 0:07:50]} Nc3 {[%clk 0:12:31]} 38. Na3 {[%clk 0:07:29]} Ne4+ {[%clk
0:12:20]} 39. Kc4 {[%clk 0:07:33]} Nxf2 {[%clk 0:12:36]} 40. b5 {[%clk 0:37:04]}
Ng4 {[%clk 0:42:01]} 41. h3 {[%clk 0:36:40]} Nxe5+ {[%clk 0:41:45]} 42. Kd4
{[%clk 0:36:41]} Kd6 {[%clk 0:40:57]} 43. bxc6 {[%clk 0:36:31]} Nxc6+ {[%clk
0:41:10]} 44. Kd3 {[%clk 0:36:29]} Kc5 {[%clk 0:41:25]} 45. Kc3 {[%clk 0:36:22]}
d5 {[%clk 0:41:38]} 46. Kd3 {[%clk 0:36:36]} e5 {[%clk 0:41:59]} 47. Nc2 {[%clk
0:36:48]} Nb4+ {[%clk 0:42:12]} 48. Nxb4 {[%clk 0:37:01]} Kxb4 {[%clk 0:42:37]}
49. g4 {[%clk 0:37:23]} fxg4 {[%clk 0:42:17]} 50. hxg4 {[%clk 0:37:35]} a5 {[%clk
0:42:38]} 51. Kc2 {[%clk 0:37:55]} a4 {[%clk 0:43:00]} 52. Kb2 {[%clk 0:38:01]}
a3+ {[%clk 0:43:20]} 53. Ka2 {[%clk 0:38:26]} d4 {[%clk 0:43:16]} 54. Kb1 {[%clk
0:38:40]} d3 {[%clk 0:43:34]} 55. Ka2 {[%clk 0:38:59]} d2 {[%clk 0:43:19]} 56.
Ka1 {[%clk 0:39:10]} d1Q+ {[%clk 0:43:57]} 57. Ka2 {[%clk 0:39:31]} Qc2+ {[%clk
0:44:16]} 58. Ka1 {[%clk 0:39:40]} Qb2# {[%clk 0:44:16]} 0-1

[Event "Women's Baku Chess Olympiad"]
[Site "chess24.com"]
[Date "2016.09.12"]
[Round "10"]
[White "Mbo, Mabedi"]
[Black "Thornton, Filipina"]
[Result "0-1"]
[Board "2"]
[WhiteID "11301422"]
[WhiteElo "1531"]
[WhiteCountry "BOT"]
[WhiteFideId "11301422"]
[WhiteEloChange "-5"]
[BlackID "5600464"]
[BlackElo "1737"]
[BlackTitle "WCM"]
[BlackCountry "MLT"]
[BlackFideId "5600464"]
[BlackEloChange "5"]

1. e4 {[%clk 1:31:00]} c5 {[%clk 1:30:53]} 2. Nf3 {[%clk 1:31:22]} d6 {[%clk
1:31:09]} 3. Bc4 {[%clk 1:31:14]} e6 {[%clk 1:29:57]} 4. Nc3 {[%clk 1:30:59]} Nf6
{[%clk 1:30:20]} 5. d3 {[%clk 1:31:16]} Nc6 {[%clk 1:30:23]} 6. Bg5 {[%clk
1:30:28]} Be7 {[%clk 1:29:48]} 7. O-O {[%clk 1:30:33]} a6 {[%clk 1:28:44]} 8. a3
{[%clk 1:30:59]} b5 {[%clk 1:28:33]} 9. Ba2 {[%clk 1:31:26]} O-O {[%clk 1:27:48]}
10. Re1 {[%clk 1:31:48]} Qc7 {[%clk 1:28:01]} 11. Qd2 {[%clk 1:32:03]} Bb7 {[%clk
1:24:13]} 12. Qf4 {[%clk 1:28:21]} Nd4 {[%clk 1:16:39]} 13. Rac1 {[%clk 1:26:21]}
Nxf3+ {[%clk 1:07:44]} 14. Qxf3 {[%clk 1:24:52]} b4 {[%clk 1:07:25]} 15. axb4
{[%clk 1:23:26]} cxb4 {[%clk 1:07:46]} 16. Ne2 {[%clk 1:22:23]} Qa5 {[%clk
1:07:01]} 17. Bxf6 {[%clk 1:22:19]} Bxf6 {[%clk 1:07:18]} 18. Bb3 {[%clk
1:09:55]} Bxb2 {[%clk 1:07:18]} 19. Rb1 {[%clk 1:10:18]} Bf6 {[%clk 1:07:04]} 20.
Qh3 {[%clk 1:07:20]} Rfc8 {[%clk 1:04:32]} 21. Nf4 {[%clk 1:06:42]} Rc5 {[%clk
1:02:10]} 22. Re3 {[%clk 1:05:52]} Bg5 {[%clk 0:48:33]} 23. Rf3 {[%clk 0:54:31]}
Bxf4 {[%clk 0:45:11]} 24. Rxf4 {[%clk 0:54:58]} Qd8 {[%clk 0:40:15]} 25. Qf3
{[%clk 0:49:00]} Qe7 {[%clk 0:39:36]} 26. h4 {[%clk 0:44:29]} a5 {[%clk 0:39:39]}
27. Rg4 {[%clk 0:38:13]} a4 {[%clk 0:38:49]} 28. Ba2 {[%clk 0:33:49]} Rxc2 {[%clk
0:35:36]} 29. Bc4 {[%clk 0:33:52]} b3 {[%clk 0:30:39]} 30. Qg3 {[%clk 0:29:59]}
Qf8 {[%clk 0:26:29]} 31. h5 {[%clk 0:28:47]} b2 {[%clk 0:26:26]} 32. Qf4 {[%clk
0:28:55]} Rc8 {[%clk 0:23:27]} 33. Kh2 {[%clk 0:26:22]} Rc5 {[%clk 0:17:25]} 34.
Rh4 {[%clk 0:22:12]} a3 {[%clk 0:17:07]} 35. h6 {[%clk 0:21:39]} g6 {[%clk
0:16:27]} 36. Kg3 {[%clk 0:16:28]} R5xc4 {[%clk 0:16:04]} 37. dxc4 {[%clk
0:16:37]} a2 {[%clk 0:16:12]} 38. Rhh1 {[%clk 0:11:50]} axb1Q {[%clk 0:16:12]}
39. Rxb1 {[%clk 0:11:13]} d5 {[%clk 0:10:16]} 40. cxd5 {[%clk 0:39:53]} exd5
{[%clk 0:40:11]} 41. Qf6 {[%clk 0:40:02]} Qxh6 {[%clk 0:37:22]} 42. Rxb2 {[%clk
0:39:46]} Rxb2 {[%clk 0:36:59]} 43. Qxb2 {[%clk 0:39:52]} Qg5+ {[%clk 0:36:16]}
44. Kh2 {[%clk 0:38:46]} Qf4+ {[%clk 0:35:40]} 45. Kg1 {[%clk 0:38:48]} Qc7
{[%clk 0:34:39]} 46. exd5 {[%clk 0:39:09]} Bxd5 {[%clk 0:34:23]} 47. Qa1 {[%clk
0:33:57]} Bb7 {[%clk 0:32:57]} 48. Qb2 {[%clk 0:34:11]} h5 {[%clk 0:30:45]} 49.
Qf6 {[%clk 0:32:06]} Qc6 {[%clk 0:28:57]} 50. f3 {[%clk 0:30:03]} Qxf6 {[%clk
0:29:16]} 0-1

[Event "Women's Baku Chess Olympiad"]
[Site "chess24.com"]
[Date "2016.09.12"]
[Round "10"]
[White "Hamoonga, Linda Banti"]
[Black "Salim-Moussa, Arzy Zahia"]
[Result "1-0"]
[Board "2"]
[WhiteID "8700648"]
[WhiteElo "1783"]
[WhiteTitle "WCM"]
[WhiteCountry "ZAM"]
[WhiteFideId "8700648"]
[WhiteEloChange "2"]
[BlackID "7500408"]
[BlackElo "1403"]
[BlackCountry "AHO"]
[BlackFideId "7500408"]
[BlackEloChange "-2"]

1. d4 {[%clk 1:30:57]} d6 {[%clk 1:30:43]} 2. c4 {[%clk 1:31:10]} Nf6 {[%clk
1:30:14]} 3. Nf3 {[%clk 1:31:12]} g6 {[%clk 1:29:42]} 4. Nc3 {[%clk 1:30:51]} Bg7
{[%clk 1:28:53]} 5. e4 {[%clk 1:27:53]} O-O {[%clk 1:26:33]} 6. Be2 {[%clk
1:27:56]} Re8 {[%clk 1:23:47]} 7. O-O {[%clk 1:27:58]} Bg4 {[%clk 1:20:15]} 8. h3
{[%clk 1:23:50]} Bxf3 {[%clk 1:19:45]} 9. Bxf3 {[%clk 1:24:15]} e5 {[%clk
1:18:26]} 10. Bg5 {[%clk 1:18:28]} h6 {[%clk 1:12:43]} 11. Be3 {[%clk 1:13:24]}
exd4 {[%clk 1:07:46]} 12. Bxd4 {[%clk 1:13:37]} Nc6 {[%clk 1:07:32]} 13. Be3
{[%clk 1:05:51]} Ne5 {[%clk 0:57:01]} 14. Qe2 {[%clk 1:06:13]} Nxf3+ {[%clk
0:52:40]} 15. Qxf3 {[%clk 1:06:37]} c6 {[%clk 0:46:14]} 16. Rad1 {[%clk 1:02:59]}
Qe7 {[%clk 0:41:34]} 17. Rfe1 {[%clk 0:51:08]} c5 {[%clk 0:32:10]} 18. Bf4 {[%clk
0:48:40]} Rad8 {[%clk 0:28:28]} 19. Qe3 {[%clk 0:43:21]} g5 {[%clk 0:23:59]} 20.
Bh2 {[%clk 0:42:54]} Nh7 {[%clk 0:19:06]} 21. Qd2 {[%clk 0:40:36]} Be5 {[%clk
0:15:13]} 22. Nd5 {[%clk 0:39:14]} Bxh2+ {[%clk 0:13:06]} 23. Kxh2 {[%clk
0:39:35]} Qe5+ {[%clk 0:10:29]} 24. Kg1 {[%clk 0:39:12]} Nf6 {[%clk 0:09:16]} 25.
Nxf6+ {[%clk 0:37:48]} Qxf6 {[%clk 0:09:12]} 26. b3 {[%clk 0:34:57]} Qe5 {[%clk
0:05:42]} 27. Qd5 {[%clk 0:33:06]} Qxd5 {[%clk 0:05:07]} 28. Rxd5 {[%clk
0:31:25]} Re5 {[%clk 0:04:41]} 29. Kf1 {[%clk 0:27:54]} Rxd5 {[%clk 0:04:04]} 30.
exd5 {[%clk 0:27:41]} Kf8 {[%clk 0:03:53]} 31. Re4 {[%clk 0:27:10]} Re8 {[%clk
0:03:05]} 32. Rxe8+ {[%clk 0:23:36]} Kxe8 {[%clk 0:04:01]} 33. Ke2 {[%clk
0:24:02]} Ke7 {[%clk 0:03:56]} 34. Ke3 {[%clk 0:24:06]} f5 {[%clk 0:03:55]} 35.
f4 {[%clk 0:21:59]} Kf6 {[%clk 0:02:27]} 36. g3 {[%clk 0:20:44]} h5 {[%clk
0:00:34]} 37. Kf3 {[%clk 0:15:51]} g4+ {[%clk 0:00:43]} 38. hxg4 {[%clk 0:15:40]}
fxg4+ {[%clk 0:00:43]} 39. Ke4 {[%clk 0:15:14]} a6 {[%clk 0:00:41]} 40. a3 {[%clk
0:41:35]} b5 {[%clk 0:30:37]} 41. cxb5 {[%clk 0:40:26]} axb5 {[%clk 0:31:05]} 42.
a4 {[%clk 0:40:45]} h4 {[%clk 0:24:24]} 43. gxh4 {[%clk 0:40:43]} g3 {[%clk
0:24:44]} 44. Kf3 {[%clk 0:40:56]} g2 {[%clk 0:24:18]} 45. Kxg2 {[%clk 0:41:13]}
c4 {[%clk 0:17:06]} 46. bxc4 {[%clk 0:41:33]} bxa4 {[%clk 0:16:55]} 47. c5 {[%clk
0:41:22]} Ke7 {[%clk 0:12:52]} 48. cxd6+ {[%clk 0:38:19]} Kd7 {[%clk 0:10:45]}
49. f5 {[%clk 0:38:30]} a3 {[%clk 0:11:06]} 50. f6 {[%clk 0:38:50]} a2 {[%clk
0:11:34]} 51. f7 {[%clk 0:38:54]} a1Q {[%clk 0:11:56]} 52. f8Q {[%clk 0:38:54]}
Qb2+ {[%clk 0:11:56]} 53. Kg3 {[%clk 0:38:02]} Qb3+ {[%clk 0:12:39]} 54. Qf3
{[%clk 0:38:00]} Qxf3+ {[%clk 0:08:53]} 55. Kxf3 {[%clk 0:38:24]} Kxd6 {[%clk
0:09:21]} 56. Ke4 {[%clk 0:38:49]} Kd7 {[%clk 0:09:41]} 57. Ke5 {[%clk 0:39:16]}
Ke7 {[%clk 0:10:00]} 58. d6+ {[%clk 0:39:19]} Kd7 {[%clk 0:10:29]} 59. h5 {[%clk
0:39:39]} 1-0

[Event "Women's Baku Chess Olympiad"]
[Site "chess24.com"]
[Date "2016.09.12"]
[Round "10"]
[White "Vongvastana, Chananchida"]
[Black "Tavares, Domingas"]
[Result "1-0"]
[Board "4"]
[WhiteID "6202179"]
[WhiteElo "1594"]
[WhiteCountry "THA"]
[WhiteFideId "6202179"]
[WhiteEloChange "9"]
[BlackID "10100857"]
[BlackElo "1563"]
[BlackCountry "ANG"]
[BlackFideId "10100857"]
[BlackEloChange "-9"]

1. e4 {[%clk 1:30:57]} e5 {[%clk 1:30:36]} 2. Nf3 {[%clk 1:31:19]} Nc6 {[%clk
1:30:51]} 3. Bc4 {[%clk 1:31:38]} Bc5 {[%clk 1:31:00]} 4. c3 {[%clk 1:32:03]} Nf6
{[%clk 1:26:39]} 5. d3 {[%clk 1:25:19]} O-O {[%clk 1:26:11]} 6. O-O {[%clk
1:25:32]} d6 {[%clk 1:25:45]} 7. Bb3 {[%clk 1:24:29]} h6 {[%clk 1:25:42]} 8. h3
{[%clk 1:24:39]} a6 {[%clk 1:25:15]} 9. Re1 {[%clk 1:24:46]} Re8 {[%clk 1:25:28]}
10. Nbd2 {[%clk 1:24:40]} Bd7 {[%clk 1:23:21]} 11. Nf1 {[%clk 1:24:50]} b5 {[%clk
1:22:58]} 12. Ng3 {[%clk 1:18:24]} Qc8 {[%clk 1:22:26]} 13. Bd2 {[%clk 1:05:38]}
Bb6 {[%clk 1:20:02]} 14. Qc1 {[%clk 0:58:41]} Na5 {[%clk 1:11:09]} 15. Bxh6
{[%clk 0:52:26]} gxh6 {[%clk 1:02:36]} 16. Qxh6 {[%clk 0:52:49]} Nxb3 {[%clk
1:03:02]} 17. axb3 {[%clk 0:49:03]} Re6 {[%clk 0:51:31]} 18. Ng5 {[%clk 0:49:12]}
Qf8 {[%clk 0:51:33]} 19. Qxf8+ {[%clk 0:45:52]} Kxf8 {[%clk 0:51:32]} 20. Nxe6+
{[%clk 0:44:47]} Bxe6 {[%clk 0:51:44]} 21. b4 {[%clk 0:42:24]} Ke7 {[%clk
0:49:01]} 22. Kf1 {[%clk 0:40:33]} a5 {[%clk 0:46:22]} 23. bxa5 {[%clk 0:38:59]}
Rxa5 {[%clk 0:46:46]} 24. Rxa5 {[%clk 0:34:52]} Bxa5 {[%clk 0:47:09]} 25. Ke2
{[%clk 0:34:34]} Bb6 {[%clk 0:45:38]} 26. Rf1 {[%clk 0:32:32]} d5 {[%clk
0:42:06]} 27. f3 {[%clk 0:16:18]} dxe4 {[%clk 0:38:33]} 28. fxe4 {[%clk 0:15:46]}
Nd7 {[%clk 0:36:18]} 29. Nf5+ {[%clk 0:09:40]} Kf8 {[%clk 0:34:41]} 30. g4 {[%clk
0:07:35]} Nc5 {[%clk 0:33:03]} 31. Rd1 {[%clk 0:07:16]} Na4 {[%clk 0:23:33]} 32.
Rd2 {[%clk 0:07:13]} Bg1 {[%clk 0:20:57]} 33. Kf3 {[%clk 0:06:47]} Bb6 {[%clk
0:19:35]} 34. g5 {[%clk 0:06:50]} Nc5 {[%clk 0:18:35]} 35. h4 {[%clk 0:06:50]}
Bd7 {[%clk 0:17:43]} 36. Kg4 {[%clk 0:04:50]} Ne6 {[%clk 0:16:27]} 37. h5 {[%clk
0:04:11]} Kg8 {[%clk 0:14:20]} 38. Rd1 {[%clk 0:03:08]} Nc5 {[%clk 0:12:53]} 39.
Kh4 {[%clk 0:02:36]} Kf8 {[%clk 0:12:13]} 40. Kg4 {[%clk 0:31:48]} Na4 {[%clk
0:41:59]} 41. Rd2 {[%clk 0:30:34]} Kg8 {[%clk 0:37:03]} 42. g6 {[%clk 0:19:06]}
Bc5 {[%clk 0:31:03]} 43. Kg5 {[%clk 0:16:04]} Bxf5 {[%clk 0:23:38]} 44. Kxf5
{[%clk 0:16:24]} fxg6+ {[%clk 0:23:14]} 45. hxg6 {[%clk 0:16:30]} Kg7 {[%clk
0:22:33]} 46. Rh2 {[%clk 0:16:32]} Bd6 {[%clk 0:21:24]} 47. Rh7+ {[%clk 0:16:10]}
Kg8 {[%clk 0:20:27]} 48. Kf6 {[%clk 0:16:10]} Nc5 {[%clk 0:13:27]} 49. g7 {[%clk
0:12:00]} Nd7+ {[%clk 0:12:15]} 50. Kg6 {[%clk 0:12:17]} Nf8+ {[%clk 0:11:58]}
51. gxf8Q+ {[%clk 0:12:36]} Kxf8 {[%clk 0:12:08]} 52. Kf6 {[%clk 0:12:59]} Kg8
{[%clk 0:12:04]} 53. Rd7 {[%clk 0:13:17]} 1-0